Política comparada sobre América Latina. Teorías, métodos y tópicos

I tiakina i:
Ngā taipitopito rārangi puna kōrero
Kaituhi matua: Castiglioni, Rossana (editora)
Ētahi atu kaituhi: Fuentes S., Claudio (Editor)
Hōputu: Tē mōhiotia
Reo:Ingarihi
I whakaputaina: Santiago, Chile Ediciones Universidad Diego Portales 2015
Putanga:1a.edición
Rangatū:Colección Ciencias Sociales e Historia
Ngā marau:
Ngā Tūtohu: Tāpirihia he Tūtohu
Kāore He Tūtohu, Me noho koe te mea tuatahi ki te tūtohu i tēnei pūkete!

MARC

LEADER 00000 a2200000 4500
003 CL-VaPUC
005 20210730141221.0
008 210624b ||||| |||| 00| 0 eng d
999 |c 433249  |d 433247 
020 |a 978-956-314-315-7 
040 |c Pontificia Universidad Católica de Valparaíso 
082 |a 320.3 CAS 2015 
100 |a Castiglioni, Rossana  |9 861862  |e editora 
245 |a Política comparada sobre América Latina.   |b Teorías, métodos y tópicos  
250 |a 1a.edición  
260 |a Santiago, Chile   |b Ediciones Universidad Diego Portales   |c 2015 
300 |a 444 páginas  
490 |a Colección Ciencias Sociales e Historia  
583 |k Cristina Rojas  |c 20210624 
650 |a Política comparada  |z América latina   |9 862022 
650 0 |a Política y gobierno  |9 255151 
650 0 |a Cultura política  |9 257401 
700 |a Fuentes S., Claudio  |e editor  |9 861911 
942 |2 ddc  |c BK 
952 |0 0  |1 0  |2 ddc  |4 0  |6 320_300000000000000_CAS_2015  |7 0  |8 A  |9 578364  |a BIBHIS  |b BIBHIS  |d 2021-07-06  |e 3  |g 42165.00  |i 558566K  |l 1  |m 1  |o 320.3 CAS 2015  |p 558566K  |r 2025-01-20  |s 2022-03-15  |t 3  |v 42165.00  |w 2021-07-06  |y BK  |k HIS 
952 |0 0  |1 0  |2 ddc  |4 0  |6 320_300000000000000_CAS_2015  |7 0  |8 A  |9 578365  |a BIBHIS  |b BIBHIS  |d 2021-07-06  |e 3  |g 42165.00  |i 5585651  |l 1  |o 320.3 CAS 2015  |p 5585651  |r 2025-01-20  |s 2022-04-06  |t 2  |v 42165.00  |w 2021-07-06  |y BK  |k HIS 
952 |0 0  |1 0  |2 ddc  |4 0  |6 320_300000000000000_CAS_2015  |7 0  |8 A  |9 578366  |a BIBHIS  |b BIBHIS  |d 2021-07-06  |e 3  |g 42165.00  |i 5585643  |l 5  |o 320.3 CAS 2015  |p 5585643  |r 2025-04-02  |s 2025-04-01  |t 1  |v 42165.00  |w 2021-07-06  |y BK  |k HIS